[Event "Niedersachsen-ch U14"]
[Site "Rotenburg"]
[Date "2013.03.28"]
[Round "8"]
[White "Lamottke, Nils"]
[Black "Balliel, Artur"]
[Result "1-0"]
[WhiteElo "1149"]
[BlackElo "848"]
[PlyCount "67"]
[EventDate "2013.03.23"]
[EventType "swiss"]
[EventRounds "9"]
[EventCountry "GER"]
[SourceTitle "EXT 2015"]
[Source "ChessBase"]
[SourceDate "2014.11.20"]
[SourceVersion "1"]
[SourceVersionDate "2014.11.20"]
[SourceQuality "1"]

1. e4 e5 2. Nf3 Nf6 3. Nc3 Nc6 4. Bc4 Bc5 5. d3 d6 6. h3 0-0 7. Bg5 h6 8. Bh4 Bb4 9. 0-0 Bxc3 10. bxc3 Qe7 11. Re1 Be6 12. Bb3 a5 13. a4 Rfd8 14. d4 Bxb3 15. cxb3 Na7 16. Qc2 c6 17. Qc1 Rac8 18. Bg3 exd4 19. cxd4 Nxe4 20. Nd2 d5 21. f3 Qg5 22. Nxe4 Qxc1 23. Raxc1 dxe4 24. Rxe4 f5 25. Re7 Rb8 26. Bxb8 Rxb8 27. Rce1 Rf8 28. Rxb7 Nc8 29. Rc7 Nd6 30. Rxc6 Nf7 31. Rce6 Rd8 32. Re8+ Rxe8 33. Rxe8+ Kh7 34. Ra8 1-0